| 000 | 01167nam a2200217Ia 4500 | ||
|---|---|---|---|
| 999 |
_c37668 _d37668 |
||
| 003 | OSt | ||
| 005 | 20210412104957.0 | ||
| 008 | 160316s2005 xxu||||| |||| 00| 0 eng d | ||
| 040 | _cn | ||
| 082 |
_a346.030000 _bLOW |
||
| 100 | _aLowther Jason | ||
| 245 | _aTorts 2009 - 2010 | ||
| 250 | _a3rd | ||
| 260 |
_aLondon _bCavendish Publishing Ltd. _c2005 |
||
| 300 |
_a225p _cxxviii |
||
| 365 | _bGratis | ||
| 505 | _aContents: PREFACE ; TABLE OF CASES; TABLE OF LEGISLATION; INTRODUCTION; CHAPTER 1 VICARIOUS LIABILITY; CHAPTER 2 NEGLIGENCE; DUTY OF CARE GENERALLY AND RESTRICTED SITUATIONS; CHAPTER 3 NEGLIGENCE; BREACH, CAUSATION AND REMOTENESS OF DAMAGE; CHAPTER 4 BREACH OF STATUTORY DUTY; CHAPTER 5 EMPLOYER'S LIABILITY; CHAPTER 6 PRODUCT LIABILITY; CHAPTER 7 OCCUPIERS' LIABILITY; CHAPTER 8 NUISANCE; CHAPTER 9 THE RULE IN RYLANDS V FLETCHER AND FIRE; CHAPTER 10 ANIMALS; CHAPTER 11 DEFAMATION AND PRIVACY; CHAPTER 12 TRESPASS TO THE PERSON, TO LAND AND TO GOODS; CHAPTER 13 ECONOMIC TORTS; CHAPTER 14 REMEDIES AND HUMAN RIGHTS; CHAPTER 15 GENERAL DEFENCES; INDEX. | ||
| 650 | _a1. Tort Law - U K | ||
| 700 |
_a _a |
||
| 942 |
_2ddc _cBK |
||